000 00447nam a22001697a 4500
003 NUST - PNEC
005 20170116181119.0
008 151004b xxu||||| |||| 00| 0 eng d
020 _a-
040 _cLIBRARY
082 _a954.0350924 WAH
100 _913406
_aAhmad, Waheed
245 _aLetters of Mian Fazl-i-Husain
_cWaheed Ahmad
260 _cc.1976
650 _913409
_aMuslims--Political activity
_xGeneral books
942 _2ddc
_cBK
999 _c69500
_d69500